[Event "Commonwealth Ch"]
[Site "Mumbai IND"]
[Date "2003.04.21"]
[Round "2"]
[White "Ganguly,S"]
[Black "Negi,P"]
[Result "1-0"]
[WhiteElo "2542"]
[BlackElo "2117"]

1.e4 e5 2.Nf3 Nc6 3.Bb5 a6 4.Ba4 Nf6 5.O-O Be7 6.Re1 b5 7.Bb3 d6 8.c3 O-O
9.h3 Bb7 10.d4 Re8 11.Nbd2 Bf8 12.d5 Nb8 13.Nf1 Nbd7 14.Ng3 h6 15.a4 Nc5
16.Bc2 c6 17.b4 Ncd7 18.dxc6 Bxc6 19.Bb3 Qc7 20.Qd3 Qb7 21.a5 d5 22.exd5 Bxd5
23.Bxd5 Qxd5 24.Qxd5 Nxd5 25.Bb2 Rac8 26.Rad1 N7f6 27.Rxe5 Rxe5 28.Nxe5 Nxc3
29.Bxc3 Rxc3 30.Rd8 Rc1+ 31.Kh2 Re1 32.f4 g6 33.Ra8 Kg7 34.Ra7 Nd5 35.Rxf7+ Kg8
36.Ra7 Nxf4 37.Nd7 Bxb4 38.Nf6+ Kf8 39.Nge4 Re2 40.Kg3 g5 41.Kf3 Rxg2 42.Nd7+ Ke8
43.Ne5 Rc2 44.Rxa6 Ra2 45.Ra8+ Ke7 46.Nc6+ Ke6 47.Nxb4 Ra3+ 48.Kg4 Rxh3 49.Re8+ Kf7
50.Rb8 Rb3 51.Rxb5 Nd3 52.Nxd3  1-0

[Event "Commonwealth Ch"]
[Site "Mumbai IND"]
[Date "2003.04.21"]
[Round "3"]
[White "Negi,P"]
[Black "Goswami,V"]
[Result "1/2-1/2"]
[WhiteElo "2117"]
[BlackElo "2292"]

1.e4 c6 2.d4 d5 3.exd5 cxd5 4.c4 Nf6 5.Nc3 e6 6.Nf3 Bb4 7.cxd5 Nxd5 8.Qc2 Nc6
9.Be2 O-O 10.O-O Re8 11.a3 Bf8 12.Qe4 Nce7 13.Rd1 Nf6 14.Qc2 b6 15.Ne5 Bb7
16.Bb5 Rc8 17.Bxe8 Nxe8 18.Qe2 Nd5 19.Ne4 Nd6 20.Nxd6 Bxd6 21.Be3 Qh4 22.Rac1 Rf8
23.h3 f5 24.Nf3 Qh5 25.Bd2 Rf6 26.Kh1 Nc7 27.Ne1 Ba6 28.Nd3 Qh4 29.Bb4 Bf4
30.Be7 Bxc1 31.Rxc1 Qxd4 32.Bxf6 gxf6 33.Rd1 e5 34.g4  1/2-1/2

[Event "Commonwealth Ch"]
[Site "Mumbai IND"]
[Date "2003.04.22"]
[Round "4"]
[White "Akshayraj,K"]
[Black "Negi,P"]
[Result "1-0"]
[WhiteElo "2283"]
[BlackElo "2117"]

1.e4 e5 2.Nf3 Nc6 3.Bb5 a6 4.Ba4 Nf6 5.d3 b5 6.Bb3 Be7 7.O-O d6 8.c3 O-O
9.Re1 Re8 10.Nbd2 Bf8 11.Nf1 h6 12.h3 d5 13.exd5 Nxd5 14.Ng3 Nf6 15.a4 Bb7
16.Bc2 g6 17.h4 h5 18.Bg5 Qd6 19.Nd2 Be7 20.Nde4 Nxe4 21.Nxe4 Qe6 22.Bb3 Qf5
23.Re3 Bxg5 24.hxg5 Rf8 25.Rf3 Qc8 26.Rh3 Kg7 27.Rxh5 Ne7 28.Nf6 Rh8 29.Rxh8 Qxh8
30.Qe2 e4 31.dxe4 c5 32.axb5 axb5 33.Rxa8 Qxa8 34.Qxb5 Qa1+ 35.Kh2 Qxb2 36.Qc4 Bd5
37.Nxd5 Nc6 38.Nf4 Ne5 39.Qxc5 Ng4+ 40.Kg3 Nxf2 41.Qd4+ Kh7 42.Qxf2 Qxb3
43.Nd5 Qb7 44.Qf4  1-0

[Event "Commonwealth Ch"]
[Site "Mumbai IND"]
[Date "2003.04.23"]
[Round "6"]
[White "Arvind,C"]
[Black "Negi,P"]
[Result "1-0"]
[WhiteElo "2257"]
[BlackElo "2117"]

1.d4 Nf6 2.c4 g6 3.Nc3 Bg7 4.e4 d6 5.Nf3 O-O 6.Be2 e5 7.O-O Nc6 8.d5 Ne7
9.b4 a5 10.Ba3 axb4 11.Bxb4 Nd7 12.a4 Nc5 13.Bxc5 dxc5 14.a5 Bd7 15.Qb3 Rb8
16.Ne1 Nc8 17.Nd3 Qe7 18.Rfb1 f5 19.Qa3 fxe4 20.Nxe4 Bf5 21.Ndxc5 Nd6 22.Bd3 Qh4
23.g3 Qh5 24.Re1 Bh3 25.Be2 Qf5 26.f3 Nxe4 27.Nxe4 Qd7 28.Rad1 Bf5 29.Nf2 Qf7
30.c5 Rfd8 31.Bc4 Kh8 32.d6 Qd7 33.g4 Bc2 34.Rc1 cxd6 35.Rxc2 d5 36.Rd2 Qc6
37.Red1 d4 38.Ne4 Ra8 39.Ng5  1-0

[Event "7th BayEM"]
[Site "Bad Wiessee GER"]
[Date "2003.11.11"]
[Round "4"]
[White "Negi,P"]
[Black "Hamm,S"]
[Result "1/2-1/2"]
[WhiteElo "2103"]
[BlackElo "2300"]

1.e4 Nf6 2.e5 Nd5 3.d4 d6 4.Nf3 Bg4 5.Be2 e6 6.h3 Bh5 7.O-O a6 8.c4 Nb6 9.b3 Be7
10.Nc3 O-O 11.Be3 N8d7 12.Nh2 Bxe2 13.Qxe2 dxe5 14.dxe5 Bc5 15.Rad1 Qe7 16.Nf3 Bxe3
17.Qxe3 Rfd8 18.Rd4 Nf8 19.Rg4 Kh8 20.Ne4 Nbd7 21.h4 Ng6 22.Rg5 h6 23.h5 hxg5
24.hxg6 g4 25.Qf4 fxg6 26.Qh2+ Kg8 27.Nfg5 Nf8 28.g3 Rd4 29.Kg2 Rxe4 30.Nxe4 Rd8
31.Qh4 Qxh4 32.gxh4 Kf7 33.Nc5 Rd2 34.Nxb7 Rxa2 35.Nc5 a5 36.Rd1 Ke7 37.Kf1 Rb2
38.Ra1 Nd7 39.Nxd7 Kxd7 40.Rxa5 Rxb3 41.Ra8 Rf3 42.Kg2 Kc6 43.Re8 Kd7 44.Rg8 Rf7
45.Kg3 Kc6 46.Re8 Kd7 47.Rg8  1/2-1/2

[Event "7th BayEM"]
[Site "Bad Wiessee GER"]
[Date "2003.11.15"]
[Round "8"]
[White "Negi,P"]
[Black "Heimrath,R"]
[Result "1-0"]
[WhiteElo "2103"]
[BlackElo "2340"]

1.e4 e5 2.Nf3 Nc6 3.Bc4 Be7 4.O-O Nf6 5.d3 O-O 6.c3 a5 7.Bb3 d6 8.Nbd2 Nd7
9.Re1 Nc5 10.Bc2 f5 11.exf5 Bxf5 12.d4 Bxc2 13.Qxc2 exd4 14.cxd4 Nb4 15.Qc4+ d5
16.Qe2 Ncd3 17.Qxe7 Nc2 18.Qxd8 Rfxd8 19.Re3 Ndb4 20.Rb1 Nxe3 21.fxe3 Nxa2
22.Ne5 c5 23.dxc5 Nb4 24.Nb3 Re8 25.Nd7 a4 26.Nd4 Rac8 27.Bd2 Nd3 28.Nb6 Rxc5
29.Nxa4 Rc7 30.Nb6 Rf7 31.Nxd5 Re5 32.Nf4 Nc5 33.Rc1 g5 34.Nf3 Ref5 35.g4 Nb3
36.gxf5 Nxc1 37.Bxc1 Rxf5 38.Nd4 Rc5 39.Nd3 Ra5 40.e4 Kf7 41.e5 Kg6 42.Bd2 Ra8
43.e6 Kf6 44.Bb4 b6 45.e7 h5 46.Nb5 Re8  1-0

[Event "7th BayEM"]
[Site "Bad Wiessee GER"]
[Date "2003.11.16"]
[Round "9"]
[White "Mainka,R"]
[Black "Negi,P"]
[Result "1/2-1/2"]
[WhiteElo "2459"]
[BlackElo "2103"]

1.g3 g6 2.Bg2 Bg7 3.d3 d6 4.f4 e5 5.Nc3 Ne7 6.Nf3 Nbc6 7.e4 O-O 8.O-O f5
9.Be3 fxe4 10.dxe4 exf4 11.gxf4 Bg4 12.Qe1 Bxf3 13.Rxf3 Nd4 14.Rf2 d5 15.Rd1 c5
16.e5 Nef5 17.Nxd5 Qh4 18.c3 Ne6 19.Bc1 Qg4 20.Qe2 Qxe2 21.Rxe2 Kh8 22.a4 Rad8
23.Ree1 Bh6 24.Be4 Nfg7 25.a5 Rd7 26.f5 gxf5 27.Bxh6 fxe4 28.Nf6 Rxd1 29.Rxd1 Rd8
30.Rxd8+ Nxd8 31.Kf2 Nc6 32.Nxe4 Ne6 33.Ng5 Nxg5 34.Bxg5 Kg7 35.e6 Nxa5 36.Kf3 Nc4
37.Ke4 Nxb2 38.Kd5 Kf8 39.Kxc5 a5 40.Kb5 a4 41.Kb4 b5 42.Kxb5 a3 43.Bc1 Ke7
44.c4 Kxe6 45.c5 Kd7 46.c6+ Kc8 47.Ka6 h5 48.Kb5 h4 49.h3 Kc7  1/2-1/2

[Event "ch-Commonwealth"]
[Site "Mumbai IND"]
[Date "2004.01.11"]
[Round "2"]
[White "Lodhi,M"]
[Black "Negi,P"]
[Result "1/2-1/2"]
[WhiteElo "2395"]
[BlackElo "2149"]

1.d4 d5 2.Nf3 c6 3.g3 Bg4 4.Bg2 Nd7 5.O-O e6 6.b3 Bd6 7.c4 Ngf6 8.Bb2 O-O
9.Nc3 Qe7 10.cxd5 exd5 11.Re1 Ne4 12.Nd2 f5 13.Ndxe4 fxe4 14.f3 exf3 15.exf3 Qf6
16.Qd2 Bf5 17.Re3 h5 18.Rae1 h4 19.g4 Qg5 20.h3 Bg6 21.Ne2 Rae8 22.Bc1 Qxe3+
23.Qxe3 Rxe3 24.Bxe3 Re8 25.Kf2 Bd3 26.Nf4 Bb5 27.Bd2 Rf8 28.Ne2 Nf6 29.Kg1 Re8
30.Bf1 Kf7 31.Nc1 Rxe1 32.Bxe1 Bf4 33.Bxb5 Bxc1 34.Bd3 g5 35.Kf2 Nd7 36.Bf5 Nf8
37.Ke2 Bf4 38.Bd2 Ne6 39.Be3 Bd6 40.Bxe6+ Kxe6 41.a4 b6 42.a5 Kf6 43.Kd3  1/2-1/2

[Event "ch-Commonwealth"]
[Site "Mumbai IND"]
[Date "2004.01.12"]
[Round "3"]
[White "Negi,P"]
[Black "Dzhumaev,M"]
[Result "0-1"]
[WhiteElo "2149"]
[BlackElo "2498"]

1.e4 g6 2.d4 Bg7 3.Nc3 d6 4.Bg5 c6 5.Qd2 b5 6.f4 Nd7 7.Nf3 b4 8.Nd1 a5 9.a3 Ngf6
10.Bd3 bxa3 11.Rxa3 d5 12.Nf2 dxe4 13.Nxe4 O-O 14.O-O Nb6 15.Bxf6 exf6 16.Nc5 Bg4
17.c3 Bxf3 18.Rxf3 f5 19.Kh1 Re8 20.Re3 Bf8 21.Rxe8 Qxe8 22.Qe2 Qd8 23.Ra1 Nd5
24.g3 Nf6 25.Qf3 Bxc5 26.dxc5 Rb8 27.Rb1 Qd7 28.h3 Qe6 29.Kh2 h5 30.b4 a4
31.Qe2 Qd7 32.Rd1 Re8 33.Qd2 Rd8 34.Qc2 a3 35.Be2 Qe7 36.Rxd8+ Qxd8 37.Bc4 Ne4
38.Kg2 Kf8 39.Ba2 Qf6 40.Qb3 Nxc3 41.Qxa3 Qd4 42.Qb2 h4 43.Qc2 hxg3 44.Kxg3 Qg1+
45.Kf3 Ne4 46.Qg2 Qd4  0-1

[Event "ch-Commonwealth"]
[Site "Mumbai IND"]
[Date "2004.01.13"]
[Round "4"]
[White "Negi,P"]
[Black "Satyapragyan,S"]
[Result "0-1"]
[WhiteElo "2149"]
[BlackElo "2369"]

1.e4 e5 2.Nf3 Nc6 3.Bc4 Nf6 4.d3 Be7 5.Bb3 d6 6.c3 O-O 7.O-O Na5 8.Bc2 c5
9.Nbd2 Nc6 10.Re1 Re8 11.Nf1 Bf8 12.Bg5 h6 13.Bxf6 Qxf6 14.Ne3 g6 15.Nd2 Bg7
16.Qf3 Qd8 17.Bb3 Rf8 18.Nd5 Be6 19.Nf1 Kh8 20.Nde3 Qd7 21.Qg3 Ne7 22.Nd2 Rad8
23.f4 exf4 24.Qxf4 Nc6 25.Nd5 Ne5 26.Qg3 g5 27.h4 gxh4 28.Qxh4 Nxd3 29.Re3 Ne5
30.Rg3 Ng6 31.Qh5 Bxd5 32.exd5 Rde8 33.Rf1 Re5 34.Qf3 Qe7 35.Nc4 Re4 36.Ne3 Rf4
37.Qd1 Be5 38.Rh3 Qg5 39.Rh5 Rxf1+ 40.Nxf1 Qf4 41.g3 Qf6 42.Qd2 Kg8 43.Qxh6 Re8
44.Qh7+ Kf8 45.Qh6+ Qg7 46.Qxg7+ Bxg7 47.Rf5 b5 48.Kg2 b4 49.cxb4 cxb4 50.Rf2 Bd4
51.Rd2 Bc5 52.Bd1 Re1 53.b3 Ne5 54.Be2 f5 55.Rc2 Ke7 56.Rd2 Kf6 57.Rc2 a5
58.Rd2 Nf7 59.Bf3 Ng5 60.Re2 Rxe2+ 61.Bxe2 Ne4 62.Bb5 Ke5 63.Bc6 f4 64.gxf4+ Kxf4
65.Bb7 Be3 66.Bc6 Nc3 67.Ng3 Nxa2 68.Ne2+ Ke4 69.Kf1 Nc3 70.Ke1 Nxd5 71.Ng3+ Ke5
72.Ke2 Bg5 73.Kd3 Nb6 74.Ne2 d5 75.Nd4 Kd6 76.Be8 Bf6 77.Nc2 Nd7 78.Ne3 Nc5+
79.Kc2 Bg5 80.Nd1 Ke5 81.Nb2 Kd4 82.Bb5 Nb7 83.Nd3 Nd6 84.Ba4 Nf5 85.Bb5 Ne3+
86.Kb2 Bf6 87.Ba6 Bh8 88.Bb5 Nc4+ 89.bxc4 dxc4 90.Kc2 b3+ 91.Kb2 Kxd3+ 92.Ka3 Kc3
93.Bxc4 Kxc4  0-1

[Event "ch-Commonwealth"]
[Site "Mumbai IND"]
[Date "2004.01.16"]
[Round "7"]
[White "Negi,P"]
[Black "Visweswaran,K"]
[Result "1-0"]
[WhiteElo "2149"]
[BlackElo "2325"]

1.e4 c5 2.Nf3 d6 3.d4 cxd4 4.Nxd4 Nf6 5.Nc3 a6 6.Bc4 e6 7.Bb3 b5 8.O-O b4
9.Na4 Bd7 10.c3 Nc6 11.Re1 Be7 12.Nxc6 Bxc6 13.f3 a5 14.Be3 O-O 15.Rc1 d5
16.e5 Nd7 17.cxb4 Bxa4 18.Bxa4 Bxb4 19.Bxd7 Qxd7 20.Re2 Rfd8 21.Bd4 Be7 22.f4 g6
23.Rec2 Rdc8 24.Qd3 Rxc2 25.Qxc2 Rb8 26.Qc7 Qe8 27.g3 Kg7 28.Qc6 Qf8 29.Qd7 Rd8
30.Qa7 Ra8 31.Qd7 Rd8 32.Qa7 Bb4 33.Rc7 Kg8 34.a3 Ra8 35.Rxf7 Rxa7 36.Rxf8+ Bxf8
37.Bxa7 a4 38.Kf2 Kf7 39.Ke3 Ke8 40.Kd4 Kd7 41.Bc5 Bh6 42.Kc3 g5 43.fxg5 Bxg5
44.Kb4 d4 45.Bxd4 Kc6 46.Kxa4  1-0

[Event "ch-Commonwealth"]
[Site "Mumbai IND"]
[Date "2004.01.17"]
[Round "8"]
[White "Negi,P"]
[Black "Shetty,R"]
[Result "0-1"]
[WhiteElo "2149"]
[BlackElo "2382"]

1.e4 c5 2.Nf3 Nc6 3.d4 cxd4 4.Nxd4 Nf6 5.Nc3 d6 6.Bc4 Qb6 7.Nb3 e6 8.O-O a6
9.Be3 Qc7 10.f4 Be7 11.Bd3 b5 12.Qf3 Bb7 13.Qh3 O-O 14.g4 Rfe8 15.g5 Nd7
16.f5 exf5 17.exf5 Nce5 18.f6 Nxd3 19.g6 Nxf6 20.gxf7+ Kxf7 21.cxd3 Qc8 22.Qg3 Bd8
23.Rac1 Qd7 24.h3 Rc8 25.Nd4 Rc5 26.Kh2 Kg8 27.Rg1 Rh5 28.Rcf1 Ng4+ 29.Qxg4 Qxg4
30.Rxg4 Rxe3 31.Rg3 Rxg3 32.Kxg3 Rg5+ 33.Kf4 Rg2 34.Ne4 g5+ 35.Kf3 Rxb2 36.Ne6 Be7
37.Ke3 Bxe4 38.dxe4 Rxa2 39.Nc7 Kg7 40.Kd4 Bf6+ 41.Kd5 Be5 42.Ke6 Kg6 43.Rf7 Ra3
44.Nd5 Rxh3 45.Ne7+ Kh5 46.Nf5 Kg4 47.Ne7 Re3 48.Kd5 Rd3+ 49.Ke6 h5  0-1

[Event "6th Open"]
[Site "Dubai UAE"]
[Date "2004.04.19"]
[Round "1"]
[White "Mamedov,Rau"]
[Black "Negi,P"]
[Result "1-0"]
[WhiteElo "2494"]
[BlackElo "2167"]

1.e4 c5 2.Nf3 e6 3.d4 cxd4 4.Nxd4 a6 5.Bd3 Qc7 6.O-O Nf6 7.Be3 b5 8.Nd2 Bb7
9.Qe2 Nc6 10.Nxc6 Bxc6 11.f4 Be7 12.Rae1 d6 13.Kh1 O-O 14.Qf3 d5 15.e5 Nd7
16.Qh3 g6 17.Nf3 b4 18.Nd4 Nc5 19.Rf3 Rfe8 20.f5 exf5 21.Nxf5 Bf8 22.Bxc5  1-0

[Event "6th Open"]
[Site "Dubai UAE"]
[Date "2004.04.20"]
[Round "2"]
[White "Negi,P"]
[Black "Kadimova,I"]
[Result "1-0"]
[WhiteElo "2167"]
[BlackElo "2341"]

1.e4 c5 2.Nf3 g6 3.d4 Bg7 4.Nc3 cxd4 5.Nxd4 Nc6 6.Be3 Nf6 7.Bc4 Ng4 8.Nxc6 dxc6
9.Qxd8+ Kxd8 10.Bf4 Ke8 11.Rd1 Ne5 12.Bb3 b6 13.Bc1 Ba6 14.f4 Nc4 15.e5 Na5
16.Ba4 b5 17.Bb3 Bc8 18.Ne4 Nxb3 19.cxb3 Be6 20.Kf2 Bd5 21.Nc3 e6 22.Rhe1 a5
23.Be3 Bf8 24.Nxd5 cxd5 25.Rc1 Kd7 26.Bb6 Ra6 27.Rc7+ Kd8 28.Rec1 Rxb6 29.Rc8+  1-0

[Event "6th Open"]
[Site "Dubai UAE"]
[Date "2004.04.23"]
[Round "5"]
[White "Al Hadarani,H"]
[Black "Negi,P"]
[Result "0-1"]
[WhiteElo "2356"]
[BlackElo "2167"]

1.d4 d5 2.Nf3 c6 3.c4 e6 4.Nc3 dxc4 5.a4 Bb4 6.e3 b5 7.axb5 cxb5 8.Bd2 Bxc3
9.Bxc3 a5 10.b3 Bb7 11.bxc4 b4 12.Bd2 Nf6 13.Bd3 Nbd7 14.Qb1 O-O 15.e4 e5
16.d5 Qc7 17.O-O Nc5 18.Be3 Nfd7 19.Nd2 a4 20.Be2 Qa5 21.Qb2 a3 22.Qa2 Ba6
23.f4 exf4 24.Rxf4 Rfb8 25.Bd1 b3 26.Bxb3 Nxb3 27.Nxb3 Qc3 28.Bd4 Qxb3 29.Qxb3 Rxb3
30.c5 Rb4 31.c6 Rxd4 32.cxd7 Bb5 33.Rxa3 Rd1+  0-1

[Event "6th Open"]
[Site "Dubai UAE"]
[Date "2004.04.24"]
[Round "6"]
[White "Negi,P"]
[Black "Mamedov,N"]
[Result "1-0"]
[WhiteElo "2167"]
[BlackElo "2463"]

1.e4 c5 2.Nf3 d6 3.d4 cxd4 4.Nxd4 Nf6 5.Nc3 Nc6 6.Bc4 Qb6 7.Nb3 e6 8.O-O a6
9.Be3 Qc7 10.f4 Be7 11.Bd3 b5 12.Qf3 Bb7 13.Qh3 Nb4 14.a3 Nxd3 15.cxd3 Rc8
16.Rac1 Qd8 17.Nd4 O-O 18.g4 Nd7 19.b4 Bf6 20.Nce2 Rxc1 21.Rxc1 e5 22.Nf5 exf4
23.Nxf4 Ne5 24.Nh5 Nxd3 25.Rc7 Bxe4 26.Rc8 Qxc8 27.Nxf6+ gxf6 28.Ne7+ Kh8
29.Nxc8 Rxc8 30.Qh4 Kg8 31.Qxf6 Rc2 32.Qd8+ Kg7 33.Bd4+ Ne5 34.Qxd6  1-0

[Event "6th Open"]
[Site "Dubai UAE"]
[Date "2004.04.25"]
[Round "7"]
[White "Kuzmin,A"]
[Black "Negi,P"]
[Result "1-0"]
[WhiteElo "2567"]
[BlackElo "2167"]

1.d4 d5 2.c4 e6 3.Nc3 c6 4.e3 Bd6 5.Bd2 f5 6.g4 fxg4 7.Qxg4 Nf6 8.Qg2 O-O
9.Nf3 c5 10.Rg1 Qe7 11.Nb5 Ne4 12.Nxd6 Nxd6 13.dxc5 Ne4 14.Bd3 Nd7 15.Bxe4 dxe4
16.Ng5 Nxc5 17.Nxe4 Nxe4 18.Qxe4 e5 19.Bc3 Bf5 20.Qxe5 Qxe5 21.Bxe5 g6 22.b3 Be4
23.f4 Kf7 24.O-O-O Rfd8 25.Rd4 Rxd4 26.exd4 Bf5 27.Kd2 Ke6 28.Kc3 Kd7 29.d5 Rc8
30.Kd4 Ke7 31.b4 a6 32.h4 h5 33.c5 Kf7 34.Rc1 Bd7 35.Rc3 Bb5 36.a3 Bd7 37.Rg3 Rd8
38.Bd6 Re8 39.Rc3 Rc8 40.Re3 Re8 41.Be5 Rd8 42.Re1 Re8 43.Rb1 Bb5 44.Rb2 Bd7
45.Ke4  1-0

[Event "6th Open"]
[Site "Dubai UAE"]
[Date "2004.04.27"]
[Round "8"]
[White "Negi,P"]
[Black "Hakki,I"]
[Result "1/2-1/2"]
[WhiteElo "2167"]
[BlackElo "2451"]

1.e4 c5 2.Nf3 d6 3.d4 cxd4 4.Nxd4 Nf6 5.Nc3 g6 6.Be3 Bg7 7.f3 O-O 8.Qd2 Nc6
9.Bc4 Bd7 10.O-O-O Ne5 11.Bb3 Rc8 12.Kb1 Nc4 13.Bxc4 Rxc4 14.g4 Qa5 15.g5 Nh5
16.Nd5 Qd8 17.Ne2 Be6 18.Bxa7 Bxd5 19.Qxd5 Qc7 20.c3 Ra4 21.Bd4 Ra5 22.Qb3 Rxg5
23.h4 Rg2 24.Bxg7 Kxg7 25.Nd4 Ra8 26.Rhg1 Rxg1 27.Rxg1 Ra5 28.Rg5 Rc5 29.Nf5+ Kf8
30.Qa4 Ra5 31.Qb3 Rc5 32.Nd4 Nf6 33.a4 Qc8 34.Rxc5 dxc5 35.Qc4 b6 36.Nb3 Qh3
37.e5 Nh5 38.Qb5 Qxf3 39.Qxb6 Qe4+ 40.Ka2 Qxa4+ 41.Kb1 Qe4+ 42.Ka2 Qa4+ 43.Kb1 Qxh4
44.Nxc5 Qh1+ 45.Ka2 Qd5+ 46.b3 Nf4 47.c4 Qa8+ 48.Kb2 h5 49.e6 f6 50.Qc7 g5
51.Nd7+ Kg7 52.Ne5 fxe5 53.Qxe7+ Kh6 54.Qf7 Qg2+ 55.Ka3 Qa8+ 56.Kb2 Ng6 57.e7 Nxe7
58.Qxe7 h4 59.Qf6+ Kh5 60.Qf7+ Kg4 61.Qe6+ Kf4 62.Qf6+ Kg4 63.Qe6+ Kh5 64.Qf7+ Kg4
65.Qe6+  1/2-1/2

[Event "6th Open"]
[Site "Dubai UAE"]
[Date "2004.04.28"]
[Round "9"]
[White "Megaranto,S"]
[Black "Negi,P"]
[Result "1-0"]
[WhiteElo "2458"]
[BlackElo "2167"]

1.e4 c5 2.Nf3 e6 3.d4 cxd4 4.Nxd4 a6 5.Bd3 Qc7 6.O-O Nf6 7.Nc3 b5 8.a3 Bb7
9.Bg5 Be7 10.Qe2 d6 11.Kh1 O-O 12.f4 h6 13.e5 dxe5 14.fxe5 Nh7 15.Bf4 Nd7
16.Qg4 Kh8 17.Ne4 Qb6 18.c3 Nc5 19.Nxc5 Bxc5 20.Be3 Rad8 21.Rf2 Qc7 22.Raf1 Bd5
23.Qh5 Bxd4 24.cxd4 Qc6 25.Bxh7 Kxh7 26.Rxf7 Bxg2+ 27.Kg1 Rxf7 28.Rxf7 Kg8
29.Qg6  1-0

[Event "Proclient Cup"]
[Site "Olomouc CZE"]
[Date "2004.07.04"]
[Round "1"]
[White "Kennaugh,C"]
[Black "Negi,P"]
[Result "1-0"]
[WhiteElo "2287"]
[BlackElo "2273"]

1.e4 c5 2.Nf3 e6 3.b3 d6 4.Bb2 Nf6 5.e5 dxe5 6.Nxe5 Nbd7 7.Bb5 a6 8.Bxd7+ Nxd7
9.Qh5 Nxe5 10.Bxe5 Qd5 11.Nc3 Qxg2 12.O-O-O Qg6 13.Qe2 f6 14.Bg3 Be7 15.Na4 Bd8
16.Nxc5 O-O 17.Bd6 Re8 18.Rhg1 Qf5 19.f4 b6 20.Rxg7+ Kxg7 21.Qg2+ Kh8 22.Qxa8 e5
23.Qc6 Rg8 24.Nd3 Bd7 25.Qc3 e4 26.Ne5 Be6 27.Nc6 Qg6 28.Be7 Bxe7 29.Nxe7 Qf7
30.Nxg8 Kxg8 31.Rg1+ Kf8 32.Qd4  1-0

[Event "Proclient Cup"]
[Site "Olomouc CZE"]
[Date "2004.07.05"]
[Round "2"]
[White "Sachdev,T"]
[Black "Negi,P"]
[Result "1-0"]
[WhiteElo "2240"]
[BlackElo "2273"]

1.d4 d5 2.c4 e6 3.Nc3 c6 4.e3 Bd6 5.Bd3 f5 6.Nge2 Nf6 7.f3 O-O 8.Qc2 a6 9.O-O b6
10.Bd2 Bb7 11.e4 fxe4 12.fxe4 e5 13.exd5 exd4 14.Nxd4 Bc5 15.Ne2 cxd5 16.b4 Bxd4+
17.Nxd4 Qc8 18.Nf5 Qd8 19.Rae1 Kh8 20.c5 bxc5 21.bxc5 Nc6 22.Nd6 Qc7 23.Re3 Ng4
24.Rxf8+ Rxf8 25.Rh3 h6 26.Bxh6 Nxh6 27.Qb2 Ne5 28.Rxh6+ Kg8 29.Bh7+ Kh8
30.Bf5+ Kg8 31.Be6+ Nf7 32.Rg6 Qxc5+ 33.Kh1 d4 34.Nxb7 Qe5 35.Qf2 Qe4 36.Bxf7+ Rxf7
37.Qxf7+ Kxf7 38.Nd6+ Kxg6 39.Nxe4  1-0

[Event "Proclient Cup"]
[Site "Olomouc CZE"]
[Date "2004.07.06"]
[Round "3"]
[White "Negi,P"]
[Black "Mankeyev,Raua"]
[Result "0-1"]
[WhiteElo "2273"]
[BlackElo "2258"]

1.e4 c5 2.Nf3 d6 3.d4 cxd4 4.Nxd4 Nf6 5.Nc3 g6 6.Be3 Bg7 7.f3 Nc6 8.Qd2 O-O
9.Bc4 Nd7 10.h4 Nb6 11.Bb3 Na5 12.Qd3 Nxb3 13.Nxb3 Be6 14.O-O-O a5 15.Nd4 Bc4
16.Qd2 Ba6 17.Qe1 Nc4 18.Bf2 b5 19.h5 e6 20.hxg6 hxg6 21.f4 b4 22.Nce2 Qd7
23.b3 Na3 24.Be3 Rfc8 25.Rd2 Qc7 26.f5 Bxe2 27.Rxe2 Qc3 28.Qxc3 Rxc3 29.Bf2 gxf5
30.exf5 e5 31.Nf3 e4 32.Ne1 d5 33.g4 Be5 34.Bh4 a4 35.bxa4 Nc4 36.g5 Rxa4
37.Rg2 Rxa2  0-1

[Event "Proclient Cup"]
[Site "Olomouc CZE"]
[Date "2004.07.06"]
[Round "4"]
[White "Gavrilov,Al1"]
[Black "Negi,P"]
[Result "1-0"]
[WhiteElo "2441"]
[BlackElo "2273"]

1.d4 d5 2.c4 e6 3.Nf3 c6 4.Qc2 f5 5.Bf4 Nf6 6.e3 Bd6 7.Nc3 O-O 8.Bd3 Bxf4
9.exf4 dxc4 10.Bxc4 Nd5 11.g3 Nd7 12.O-O N7f6 13.Rfe1 Qd6 14.a3 a5 15.Ba2 Bd7
16.Na4 Rae8 17.Ne5 b6 18.Rac1 Rc8 19.Re2 Rfe8 20.Rce1 g6 21.Qb3 Rb8 22.Qf3 Kg7
23.Nc3 Rbd8 24.Rc2 Rc8 25.Rec1 Rc7 26.Nc4 Qe7 27.Qe2 Bc8 28.Qe5 Kg8 29.Nxd5 exd5
30.Qxe7 Rcxe7 31.Ne5 Bb7 32.Kg2 Rc7 33.Nxc6 Re4 34.f3 Re3 35.Ne5 Re2+ 36.Rxe2 Rxc1
37.Bb3 b5 38.Nd3 Rc7 39.Nc5 Bc6 40.g4 fxg4 41.fxg4 Nxg4 42.Re6 Kg7 43.Rd6 Rc8
44.Ne6+ Kh6 45.Rd8 Rxd8 46.Nxd8 Bd7 47.Kg3 Ne3 48.Kf3 Nf5 49.Bxd5 Nxd4+ 50.Ke4 Nf5
51.Nb7 a4 52.Nc5 Be8 53.Ke5 Kh5 54.Ne4 Kh4 55.Nf6 Ng7 56.Nxe8 Nxe8 57.Bc6 Ng7
58.Bxb5 Kh3 59.Bxa4 Kxh2 60.Bc6 Nf5 61.a4 Ne7 62.Be4 Kg3 63.b4 h5 64.b5 h4
65.a5  1-0

[Event "Proclient Cup"]
[Site "Olomouc CZE"]
[Date "2004.07.07"]
[Round "5"]
[White "Negi,P"]
[Black "Biolek,R1"]
[Result "1/2-1/2"]
[WhiteElo "2273"]
[BlackElo "2076"]

1.e4 e5 2.Nf3 Nc6 3.Bc4 Nf6 4.d3 Be7 5.c3 O-O 6.Bb3 d6 7.O-O Na5 8.Bc2 c5
9.a3 Nc6 10.b4 Qc7 11.Bb2 Bg4 12.Nbd2 a5 13.b5 Nd8 14.h3 Bh5 15.Nc4 b6 16.Ne3 Qd7
17.a4 Ne6 18.g4 Bg6 19.Nh4 Nf4 20.Qf3 h5 21.Nhg2 Ne6 22.Nf5 hxg4 23.hxg4 Ng5
24.Qg3 Bxf5 25.gxf5 Nh5 26.Qe3 Nf4 27.d4 Ngh3+ 28.Kh1 Bg5 29.Nxf4 Nxf4 30.Qg3 Bh6
31.Qh4 cxd4 32.cxd4 Rac8 33.Bb3 Nd3 34.Rg1 Kh7 35.Bc1 Rxc1 36.Raxc1 Nxc1
37.Rxc1 Rc8 38.Rg1 Rc3 39.Bd5 exd4 40.Qh5 Rc7  1/2-1/2

[Event "Proclient Cup"]
[Site "Olomouc CZE"]
[Date "2004.07.08"]
[Round "6"]
[White "Kraemer,Mar"]
[Black "Negi,P"]
[Result "1-0"]
[WhiteElo "2295"]
[BlackElo "2273"]

1.e4 c5 2.Nf3 e6 3.d4 cxd4 4.Nxd4 a6 5.Nc3 Qc7 6.Bd3 Nf6 7.O-O b5 8.Qe2 d6
9.Bd2 Bb7 10.a4 b4 11.Na2 d5 12.e5 Ne4 13.Bxb4 Bxb4 14.Nxb4 Qxe5 15.c3 Qf6
16.Bxe4 dxe4 17.Nb3 Qg5 18.Nd2 a5 19.Nc2 Qg6 20.Qb5+ Bc6 21.Qc5 Bd5 22.Ne3 Nd7
23.Qb5 Rb8 24.Qxa5 Ba8 25.Qc7 Rd8 26.Ndc4 f5 27.Rad1 Qg5 28.Rd6 f4 29.Rxe6+ Kf7
30.Re5 Qg6 31.Rxe4 Rhe8 32.Nd6+ Kf8 33.Rxe8+ Rxe8 34.Nxe8 fxe3 35.fxe3+ Nf6
36.Qc5+ Kxe8 37.Qc8+ Ke7 38.Qxa8 Qd3 39.Qa7+ Kf8 40.Qd4 Qc2 41.a5  1-0

[Event "Proclient Cup"]
[Site "Olomouc CZE"]
[Date "2004.07.08"]
[Round "7"]
[White "Negi,P"]
[Black "Savage,B"]
[Result "1/2-1/2"]
[WhiteElo "2273"]
[BlackElo "2204"]

1.e4 c5 2.Nf3 Nc6 3.d4 cxd4 4.Nxd4 Nf6 5.Nc3 e5 6.Ndb5 d6 7.Bg5 a6 8.Na3 b5
9.Bxf6 gxf6 10.Nd5 Bg7 11.c3 f5 12.exf5 Bxf5 13.Nc2 O-O 14.Nce3 Bg6 15.h4 Be4
16.Bd3 Bxd5 17.Nxd5 f5 18.Qh5 e4 19.Bc2 Kh8 20.O-O-O b4 21.g4 bxc3 22.gxf5 cxb2+
23.Kb1 Nd4 24.f6 Bxf6 25.Bxe4 Ra7 26.Rhg1 Nb5 27.Rd3 Bd4 28.a4 Bxf2 29.Rf1 Nd4
30.Rd2 Qc8 31.Qh6 Rg7 32.Nf4 Nf5 33.Qe6 Ng3 34.Rdxf2 Qxe6 35.Nxe6 Rxf2 36.Rxf2 Nxe4
37.Rf4 Rg1+ 38.Kxb2 Nd2 39.Kc2 h6 40.Kxd2 Rg3 41.Nc7 a5 42.Ne8 Rg6 43.Kd3 Re6
44.Re4 Rg6 45.Kc4 h5 46.Kb5 Rg4 47.Rxg4 hxg4 48.Nxd6 g3 49.Nf7+ Kg7 50.Ng5 Kg6
51.Kc4 Kh5 52.Nf3 Kg4 53.Ng1 Kxh4 54.Kd4 Kg4 55.Ke4 g2 56.Ne2 Kg5 57.Ke5 Kg4
58.Ke4 Kg5 59.Kf3 Kf5 60.Kxg2 Ke4 61.Kf2 Kd3 62.Ke1 Kc2 63.Nd4+ Kc3 64.Nc6 Kb3  1/2-1/2

[Event "Proclient Cup"]
[Site "Olomouc CZE"]
[Date "2004.07.09"]
[Round "8"]
[White "Chytilek,R"]
[Black "Negi,P"]
[Result "1-0"]
[WhiteElo "2418"]
[BlackElo "2273"]

1.d4 Nf6 2.c4 e6 3.Nf3 b6 4.g3 Bb7 5.Bg2 Be7 6.O-O O-O 7.Re1 d5 8.cxd5 exd5
9.Nc3 c5 10.Bf4 Ne4 11.Qc2 Na6 12.Red1 Rc8 13.Nxe4 dxe4 14.dxc5 Qe8 15.Nd4 Nxc5
16.Qd2 Rd8 17.Qe3 Qd7 18.Rd2 Bf6 19.Rad1 Qg4 20.h3 Qg6 21.b4 Nd3 22.Nb5 Nxf4
23.gxf4 Rxd2 24.Rxd2  1-0

[Event "Proclient Cup"]
[Site "Olomouc CZE"]
[Date "2004.07.10"]
[Round "9"]
[White "Negi,P"]
[Black "Salai,L"]
[Result "0-1"]
[WhiteElo "2273"]
[BlackElo "2394"]

1.e4 c5 2.Nf3 Nc6 3.d4 cxd4 4.Nxd4 Nf6 5.Nc3 e5 6.Ndb5 d6 7.Bg5 a6 8.Na3 b5
9.Bxf6 gxf6 10.Nd5 Bg7 11.c3 f5 12.exf5 Bxf5 13.Nc2 O-O 14.Nce3 Be6 15.Bd3 f5
16.O-O Kh8 17.Qh5 e4 18.Bc2 Ne7 19.Nf4 Bf7 20.Qh3 Be5 21.g3 Bxf4 22.gxf4 d5
23.Kh1 Qd6 24.Qh4 b4 25.Qg5 bxc3 26.bxc3 Qe6 27.Bb3 Rg8 28.Qh4 Rg6 29.c4 d4
30.Nd5 Nxd5 31.cxd5 Qd6 32.Rg1 Rag8 33.h3 Bxd5 34.Bxd5 Qxd5 35.Kh2 Qd6 36.Rg3 Rxg3
37.fxg3 d3 38.Qh5 Qd4 39.Rg1 d2 40.Qe2 Rd8 41.Rd1 Rd6 42.Kg2 e3 43.g4 Qxf4
44.Qf3 Qxf3+ 45.Kxf3 f4 46.Ke2 Rc6  0-1

[Event "Proclient Cup"]
[Site "Olomouc CZE"]
[Date "2004.07.11"]
[Round "10"]
[White "Kanovsky,D"]
[Black "Negi,P"]
[Result "1-0"]
[WhiteElo "2286"]
[BlackElo "2273"]

1.e4 c5 2.Nf3 d6 3.d4 cxd4 4.Nxd4 Nf6 5.Nc3 a6 6.Bg5 e6 7.f4 Nbd7 8.Qf3 Qc7
9.O-O-O b5 10.Bd3 Bb7 11.Rhe1 Qb6 12.Bxf6 Nxf6 13.a3 Be7 14.Qh3 Nd7 15.Nb3 Bf6
16.e5 dxe5 17.f5 g6 18.fxe6 Qxe6 19.Qxe6+ fxe6 20.Be4 Bxe4 21.Nxe4 Be7 22.Re3 Nb6
23.Nbc5 Nd5 24.Re2 Bxc5 25.Nxc5 Ke7 26.g3 Rhf8 27.Rde1 Kd6 28.Nd3 Rf6 29.Nxe5 h5
30.c3 Rc8 31.Kc2 Rcf8 32.Nd3 Rc8 33.a4 Nb6 34.axb5 axb5 35.Rd1 Kc6 36.Re5 Nc4
37.Re2 Rd8 38.Nb4+ Kc7 39.Rxd8 Kxd8 40.Nc6+ Kd7 41.Nd4 b4 42.Kb3 Nb6 43.Kxb4 Nd5+
44.Kc5 Nc7 45.b4 Rf8 46.b5 Rc8 47.Nc6 Nd5 48.c4 Nc3 49.Rd2+ Ke8 50.Kb6 Kf7
51.Kb7 Rh8 52.Kc7 Kf6 53.b6 Ne4 54.Rd8 Rh7+ 55.Rd7 Rxd7+ 56.Kxd7 e5 57.b7 Nc5+
58.Kc8 Nxb7 59.Kxb7 e4 60.c5 e3 61.Nd4  1-0